[Event "Penang Heritage op 16th"]
[Site "Penang"]
[Date "2024.12.23"]
[Round "1"]
[White "Tan, Ze Hao Brighton"]
[Black "Chong, Kai Ni Agnes"]
[Result "0-1"]
[WhiteElo "1630"]
[BlackElo "1844"]
[PlyCount "142"]
[EventDate "2024.12.23"]
[EventType "swiss"]
[EventRounds "9"]
[EventCountry "MAS"]
[SourceTitle "CB14_2025"]
[SourceDate "2024.11.01"]
[SourceVersion "1"]
[SourceVersionDate "2024.11.01"]
[SourceQuality "1"]

1. e4 c5 2. c3 Nf6 3. e5 Nd5 4. d4 cxd4 5. Nf3 Nc6 6. cxd4 d6 7. Bc4 dxe5 8. dxe5 Be6 9. 0-0 a6 10. a4 g6 11. Re1 Bg7 12. Na3 0-0 13. h4 h5 14. Bg5 Qa5 15. Qd2 Qxd2 16. Bxd2 Rfd8 17. Rad1 Bg4 18. Bg5 Nb6 19. Be2 Nxa4 20. Nc4 b5 21. Ne3 Be6 22. Rc1 Rac8 23. Nd1 Kf8 24. Bf4 Bb3 25. Nc3 Nb6 26. Bd1 Bxd1 27. Rcxd1 Nc4 28. b3 Nb2 29. Rxd8+ Nxd8 30. Re3 Ne6 31. Bg3 Bh6 32. Ng5 Nd4 33. Nce4 Nf5 34. Re2 Nd3 35. Rd2 Nxg3 36. Rxd3 Nxe4 37. Nxe4 Bf4 38. g3 Bxe5 39. Rd2 Rc7 40. Rd8+ Kg7 41. Ra8 Rc6 42. Kf1 Bc3 43. Nxc3 Rxc3 44. b4 Rc4 45. Rxa6 Rxb4 46. Ke2 Rb3 47. Rb6 b4 48. Kd2 Rb2+ 49. Ke3 b3 50. Rb4 Rb1 51. Rb6 b2 52. Kf3 e6 53. Rb3 Kf6 54. Rb6 Ke5 55. Rb4 Kd5 56. Kf4 Kc5 57. Rb8 Kc4 58. Kg5 Kc3 59. Rc8+ Kd3 60. Rb8 Ke2 61. f4 Kf2 62. Rb3 Ke2 63. Kf6 e5 64. Kxf7 e4 65. Kxg6 e3 66. f5 Kd2 67. Rb8 e2 68. Rd8+ Ke3 69. Re8+ Kf2 70. f6 Rg1 71. Kxh5 b1Q 0-1